00863nam a2200229 a 450000500170000000800410001701000140005802000260007203500130009803700150011104000180012608200150014410000260015924501270018526000410031227000810035330000390043450000500047365000500052365000430057370000170061620090622145857.0080602s2009 caua b 001 0 eng  aENG-94161 a9788132101703c495.00 aEN-77694 bDBAD / PUB adplbEnglish  a658.300285 aKavanagh, Michael J.  aHuman resource information systems :bbasics, applications, and future directions /cMichael J. Kavanagh [and] Mohan Thite aNew Delhi bSage Publications c2009 aBI/I-1, Mohan Cooprative Industrial Area, Mathura Road, bNew Delhi e110001 axviii, 469p. :bill. ;c25cm(pbk)  aIncludes bibliographical references and index aPersonnel managementxInformation technology. aPersonnel managementxData processing. aThite, Mohan